Las tres virtudes, clave / (Record no. 30138)

MARC details
000 -LEADER
campo de control de longitud fija 00739nam a2200217 i 4500
001 - NÚMERO DE CONTROL
campo de control 30138
003 - IDENTIFICADOR DE NÚMERO DE CONTROL
campo de control ES-MaACL
005 - FECHA Y HORA DE LA ÚLTIMA TRANSACCIÓN
campo de control 20250901062524.0
007 - CAMPO FIJO DE DESCRIPCIÓN FÍSICA--INFORMACIÓN GENERAL
campo de control de longitud fija t|
008 - DATOS DE LONGITUD FIJA--INFORMACIÓN GENERAL
campo de control de longitud fija 030123s1962 an ||||1| spa d
100 1# - ENTRADA PRINCIPAL--NOMBRE DE PERSONA
Nombre de persona Bars, Henry.
9 (RLIN) 26091
245 14 - MENCIÓN DEL TÍTULO
Título Las tres virtudes, clave /
Mención de responsabilidad, etc. Henry Bars ; [versión española de J. Ruiz Calonja].
260 ## - PUBLICACIÓN, DISTRIBUCIÓN, ETC.
Lugar de publicación, distribución, etc. Andorra :
Nombre del editor, distribuidor, etc. Casal i Vall,
Fecha de publicación, distribución, etc. [1962]
300 ## - DESCRIPCIÓN FÍSICA
Extensión 153 p. ;
Dimensiones 19 cm.
490 1# - MENCIÓN DE SERIE
Mención de serie Yo sé, yo creo : enciclopedia del católico en el siglo XX
650 #4 - PUNTO DE ACCESO ADICIONAL DE MATERIA--TÉRMINO DE MATERIA
Término de materia o nombre geográfico como elemento de entrada Virtudes teologales.
9 (RLIN) 166508
700 0# - ENTRADA AGREGADA--NOMBRE PERSONAL
Nombre de persona Ruiz Calonja, J.
9 (RLIN) 100685
830 00 - PUNTO DE ACCESO ADICIONAL DE SERIE-TÍTULO UNIFORME
Título uniforme Yo sé, yo creo: enciclopedia del católico del siglo XX
9 (RLIN) 186579
852 ## - LOCALIZACIÓN
Ubicación ES-MaACL
Número de control de estantería C-21673
Sublocalización o colección R.50057
Holdings
Estatus retirado Estado de pérdida Estado de daño No para préstamo Biblioteca de origen Biblioteca actual Ubicación en estantería Fecha de adquisición Fuente de adquisición Total de préstamos Signatura topográfica completa Código de barras Visto por última vez Precio de reemplazo Tipo de ítem Koha
        Biblioteca del Ateneo de Madrid Biblioteca del Ateneo de Madrid Galería 17/01/2008     C-21673 1031115 23/02/2023 23/02/2023 Libro impreso